BGMEA University of Fashion and Technology
University Library

English fantasy : (Record no. 2717)

MARC details
000 -LEADER
fixed length control field 00631nam a22002177a 4500
001 - CONTROL NUMBER
control field 2717
003 - CONTROL NUMBER IDENTIFIER
control field BD-DhBUF
005 - DATE AND TIME OF LATEST TRANSACTION
control field 20251117134005.0
008 - FIXED-LENGTH DATA ELEMENTS--GENERAL INFORMATION
fixed length control field 251104b bg ||||| |||| 00| 0 ben d
020 ## - INTERNATIONAL STANDARD BOOK NUMBER
International Standard Book Number 9789843532848
040 ## - CATALOGING SOURCE
Original cataloging agency BD-DhBUF
Transcribing agency BD-DhBUF
100 ## - MAIN ENTRY--PERSONAL NAME
Personal name Rajon, Asadul Islam
9 (RLIN) 4106
245 ## - TITLE STATEMENT
Title English fantasy :
Remainder of title basic থেকে spoken, writing and Ielts english solution program /
Statement of responsibility, etc. Asadul Islam Rajon,
260 ## - PUBLICATION, DISTRIBUTION, ETC.
Place of publication, distribution, etc. Dhaka :
Name of publisher, distributor, etc. Badhon,
Date of publication, distribution, etc. 2023.
300 ## - PHYSICAL DESCRIPTION
Extent 368p. :
Dimensions 22cm. ;
526 ## - STUDY PROGRAM INFORMATION NOTE
Program name English language
650 ## - SUBJECT ADDED ENTRY--TOPICAL TERM
Topical term or geographic name entry element Spoken
9 (RLIN) 4107
650 ## - SUBJECT ADDED ENTRY--TOPICAL TERM
Topical term or geographic name entry element Writing
9 (RLIN) 4107
650 ## - SUBJECT ADDED ENTRY--TOPICAL TERM
Topical term or geographic name entry element Phonetics
9 (RLIN) 1708
942 ## - ADDED ENTRY ELEMENTS (KOHA)
Source of classification or shelving scheme Dewey Decimal Classification
Koha item type Books
Holdings
Withdrawn status Lost status Source of classification or shelving scheme Damaged status Not for loan Home library Current library Date acquired Total Checkouts Full call number Barcode Date last seen Copy number Price effective from Koha item type
    Dewey Decimal Classification     BUFT Library BUFT Library 10/28/2025   823.2 R1618e 2023 2025-0251 11/04/2025 C-1 11/04/2025 Books
Copyright © 2019-2023 | BUFT Library
BGMEA University of Fashion and Technology
Library Home | University Home
| Maintained by Library Team